Mission : FCE 2 : coursebook

Saved in:
Bibliographic Details
Main Author: Evans, Virginia, 1945-
Other Authors: Dooley, Jenny
Format: Book
Language:English
Published: Αθήνα : Express Publishing, 2000
Subjects:
Tags: Add Tag
No Tags, Be the first to tag this record!

MARC

LEADER 00000cam a2200000 i 4500
001 1/44279
008 031104s2000 eng d
020 |a 1-84216-872-X 
035 |l 10071517 
040 |a GR-MY-UA  |b gre  |e aacr 
041 0 |a eng 
082 0 |a 428.24 
100 1 |a Evans, Virginia,   |d 1945- 
245 1 0 |a Mission :  |b FCE 2 : coursebook /  |c Virginia Evans, Jenny Dooley 
260 |a Αθήνα :   |b Express Publishing,   |c 2000 
300 |a 187 σ.;  |b εικ.;  |c 28 εκ. 
650 0 0 |a English language  |x Study and teaching  |x Foreign speakers. 
700 1 |a Dooley, Jenny. 
852 |a INST  |b LESVOS  |e 20031104  |h 428.24 EVA  |p 005100029633  |q 005100029633  |t BK  |y 0 
901 |a BIBL1-2003-3 
909 |a Λ  |b 104266 
970 |a ΚΑΡΑ  |b ΓΙΑΣΕΜΗ  |z 2003/11/04